<?xml version="1.0" encoding="UTF-8"?>
<marc:record xmlns:marc="http://www.loc.gov/MARC21/slim">
   <marc:leader>00000nam a2200000 a 4500</marc:leader>
   <marc:datafield ind1="1" ind2=" " tag="100">
      <marc:subfield code="a">Milan, Wolfgang</marc:subfield>
      <marc:subfield code="4">aut</marc:subfield>
      <marc:subfield code="e">Verfasser/-in</marc:subfield>
   </marc:datafield>
   <marc:datafield ind1=" " ind2=" " tag="653">
      <marc:subfield code="a">Gartengestaltung</marc:subfield>
   </marc:datafield>
   <marc:datafield ind1=" " ind2=" " tag="653">
      <marc:subfield code="a">Holz</marc:subfield>
   </marc:datafield>
   <marc:datafield ind1=" " ind2=" " tag="653">
      <marc:subfield code="a">Zaun</marc:subfield>
   </marc:datafield>
   <marc:datafield ind1="0" ind2="0" tag="245">
      <marc:subfield code="a">Zäune aus Holz</marc:subfield>
   </marc:datafield>
   <marc:datafield ind1="0" ind2="0" tag="245">
      <marc:subfield code="b">alte Vorbilder. Neue Formen</marc:subfield>
   </marc:datafield>
   <marc:datafield ind1=" " ind2="1" tag="264">
      <marc:subfield code="b">Stocker</marc:subfield>
      <marc:subfield code="c">2006</marc:subfield>
   </marc:datafield>
   <marc:datafield ind1="1" ind2=" " tag="520">
      <marc:subfield code="a">Eine kleine Kulturgeschichte des Holzzaunes mit Empfehlungen und Ratschlägen für den Selbstbau. Der Holzzaun gehört zu den ältesten Beispielen bäuerlicher Volkskunst. Das Buch bringt einleitend eine Geschichte des Holzzaunes mit seinen vielen verschiedenen Arten. Es folgen Empfehlungen zum Selbstbau für Heimwerker mit Angaben über Material, Lebensdauer, Holzschutz und Setzen eines Zaunes. Die bebilderte Übersicht enthält über 20 verschiedene Zaunarten z.T. mit österreichischen Besonderheiten und Zaunformen aus aller Welt. Zum Abschluss gibt es noch einige Sprücherln, Gstanzln und Gedichte zum Thema. Im Anhang finden sich Hinweise auf Freilichmuseen in Österreich, Ungarn und Süddeutschland. Das Buch ist eine kleine Kulturgeschichte des Holzzaunes mit vielen praktischen Empfehlungen für den Selbstbau</marc:subfield>
   </marc:datafield>
   <marc:datafield ind1="3" ind2=" " tag="024">
      <marc:subfield code="a">370201117X</marc:subfield>
   </marc:datafield>
</marc:record>
